Sports Quiz

Random Sports or NFL Quiz

NFL MVPs 1980-2012 Quiz Stats

 Plays Quiz not verified by Sporcle

Also try: Big East
Challenge
Share
Tweet
Embed
Score 0/35 Timer 06:00
0 Plays Today
Year/Team Players Name % Correct
2004/ColtsPeyton Manning
98.2%
2008/ColtsPeyton Manning
98.2%
2009/ColtsPeyton Manning
98.2%
2003/ColtsPeyton Manning
98.1%
2007/PatriotsTom Brady
97.9%
2010/PatriotsTom Brady
97.8%
2011/PackersAaron Rodgers
97.1%
1995/PackersBrett Favre
96%
1996/PackersBrett Favre
96%
1997/PackersBrett Favre
96%
2012/VikingsAdrian Peterson
95.9%
1989/49ersJoe Montana
95.3%
1990/49ersJoe Montana
95.3%
2006/ChargersLaDainian Tomlinson
94.9%
1992/49ersSteve Young
94.7%
1994/49ersSteve Young
94.7%
1999/RamsKurt Warner
94.1%
2001/RamsKurt Warner
94.1%
Year/Team Players Name % Correct
1987/BroncosJohn Elway
93.8%
1993/CowboysEmmit Smith
93.2%
1997/LionsBarry Sanders
92.5%
2000/RamsMarshall Faulk
91.1%
2005/SeahawksShaun Alexander
91%
1984/DolphinsDan Marino
88.6%
1998/BroncosTerrell Davis
87.6%
2003/TitansSteve McNair
86.6%
2002/RaidersRich Gannon
85.4%
1991/BillsThurman Thomas
78.6%
1986/GiantsLawrence Taylor
77.8%
1988/BengalsBoomer Esiason
75.4%
1985/LA RaidersMarcus Allen
70.3%
1983/RedskinsJoe Theismann
67%
1981/BengalsKen Anderson
57.1%
1980/BrownsBrian Sipe
38.2%
1982/RedskinsMark Moseley
21.2%

You're not logged in!

Compare scores with friends on all Sporcle quizzes.
OR
Log In

You Might Also Like...

Show Comments

Extras

Created Dec 17, 2012ReportNominate
Tags:NFL Quiz, mvp, team

Top Quizzes Today


Score Distribution

Your Account Isn't Verified!

In order to create a playlist on Sporcle, you need to verify the email address you used during registration. Go to your Sporcle Settings to finish the process.

Report this User

Report this user for behavior that violates our Community Guidelines.

Details: